Normal view
MARC view
- Maloney, James M.
Entry Personal Name
001 - CONTROL NUMBER
- control field: 25248
003 - CONTROL NUMBER IDENTIFIER
- control field: NUST
005 - DATE AND TIME OF LATEST TRANSACTION
- control field: 20191106100602.0
008 - FIXED-LENGTH DATA ELEMENTS
- fixed length control field: 191106|| aca||aabn | a|a d
040 ## - CATALOGING SOURCE
- Original cataloging agency: NUST
- Transcribing agency: NUST
100 ## - HEADING--PERSONAL NAME
- Personal name: Maloney, James M.
670 ## - SOURCE DATA FOUND
- Source citation: Work cat.: (NUST)0: Palmer, William J., 1934- 25246, Construction insurance, bonding, and risk management /, c1996.
